Investigaciones esperimentales sobre la aplicacion del hierro fundido y forjado a las construcciones / (Record no. 53570)

MARC details
000 -LEADER
campo de control de longitud fija 00813nam a22002175i 4500
001 - NÚMERO DE CONTROL
campo de control 53570
003 - IDENTIFICADOR DE NÚMERO DE CONTROL
campo de control ES-MaACL
005 - FECHA Y HORA DE LA ÚLTIMA TRANSACCIÓN
campo de control 20250902221750.0
007 - CAMPO FIJO DE DESCRIPCIÓN FÍSICA--INFORMACIÓN GENERAL
campo de control de longitud fija t|
008 - DATOS DE LONGITUD FIJA--INFORMACIÓN GENERAL
campo de control de longitud fija 960628s1857 sp a ||||1| spa d
040 ## - FUENTE DE CATALOGACIÓN
Centro catalogador/agencia de origen CAM
Lengua de catalogación spa
Centro/agencia transcriptor CAM
100 1# - ENTRADA PRINCIPAL--NOMBRE DE PERSONA
Nombre de persona Fairbairn, William.
9 (RLIN) 48646
245 10 - MENCIÓN DEL TÍTULO
Título Investigaciones esperimentales sobre la aplicacion del hierro fundido y forjado a las construcciones /
Mención de responsabilidad, etc. obra escrita por William Fairbairn; traducida del inglés por Eduardo Saavedra.
260 ## - PUBLICACIÓN, DISTRIBUCIÓN, ETC.
Lugar de publicación, distribución, etc. Madrid :
Nombre del editor, distribuidor, etc. [s.n.],
Fecha de publicación, distribución, etc. 1857 (
Fabricante Imprenta de José C. de la Peña)
300 ## - DESCRIPCIÓN FÍSICA
Extensión 363 p., [7] h. de lám. ;
Dimensiones 23 cm.
650 #7 - PUNTO DE ACCESO ADICIONAL DE MATERIA--TÉRMINO DE MATERIA
Término de materia o nombre geográfico como elemento de entrada Estructuras metálicas
Fuente del encabezamiento o término embne
9 (RLIN) 156036
700 1# - ENTRADA AGREGADA--NOMBRE PERSONAL
Nombre de persona Saavedra, Eduardo,
Fechas asociadas al nombre 1829-1912
9 (RLIN) 101132
852 ## - LOCALIZACIÓN
Ubicación ES-MaACL
Número de control de estantería G-9775
852 ## - LOCALIZACIÓN
Ubicación ES-MaACL
Número de control de estantería G-11856
Holdings
Estatus retirado Estado de pérdida Estado de daño No para préstamo Colección Biblioteca de origen Biblioteca actual Ubicación en estantería Fecha de adquisición Fuente de adquisición Total de préstamos Signatura topográfica completa Código de barras Visto por última vez Precio de reemplazo Tipo de ítem Koha
        Libros del s. XIX Biblioteca del Ateneo de Madrid Biblioteca del Ateneo de Madrid Sala Pecera Planta 3 17/01/2008     G-11856 1056292 23/02/2023 23/02/2023 Libro impreso antiguo
        Libros del s. XIX Biblioteca del Ateneo de Madrid Biblioteca del Ateneo de Madrid Sala Pecera Planta 3 17/01/2008     G-9775 1056291 23/02/2023 23/02/2023 Libro impreso antiguo